00393nam a2200157Ia 4500003000400000008004100004040001600045082001300061100001500074245004100089260003400130300001000164490002400174650001500198650002200213GCL140319s9999 xx 000 0 eng d aGCL / cGCL04a843bJ Q1 aJEAN, NOEL10aLES QUARTIERS D'HIVER / cJEAN, NOEL a[S.N] : bGALLIMARD ، c1994 a188 P aCOLLECTION FOLIOv004aLITERATURE04aFRENCH LITERATURE